LEADER 01114nam0-22003611i-450- 001 990007454130403321 005 20111230164114.0 010 $a88-495-0602-3 035 $a000745413 035 $aFED01000745413 035 $a(Aleph)000745413FED01 035 $a000745413 100 $a20030808d2003----km-y0itay50------ba 101 0 $aita 102 $aIT 105 $ay---a---001yy 200 1 $aPrincipio di sussidiarietà ed enti confessionali$fGiuseppe d'Angelo 210 $aNapoli$cEdizioni Scientifiche Italiane$d2003 215 $a297 p.$d24 cm 225 1 $aQuaderni del Dipartimento di studi internazionali$fUniversità degli studi di Salerno, Facoltà di giurisprudenza$v4 676 $a342.4042$v20$zita 700 1$aD'Angelo,$bGiuseppe$f<1969- >$0286574 801 0$aIT$bUNINA$gRICA$2UNIMARC 901 $aBK 912 $a990007454130403321 952 $aE-119$fDDRC 952 $aII MM 28$bs.i.$fDCEC 952 $aII D 169$b52157*$fFGBC 959 $aDDRC 959 $aDCEC 959 $aFGBC 996 $aPrincipio di sussidiarietà ed enti confessionali$9679788 997 $aUNINA